|
|
|
|
| LEADER |
00000naa2a2200000 4500 |
| 001 |
49676 |
| 005 |
20231031032628.0 |
| 035 |
|
|
|a (RuTPU)RU\TPU\book\52004
|
| 035 |
|
|
|a RU\TPU\tpu\10072
|
| 090 |
|
|
|a 49676
|
| 100 |
|
|
|a 20030403d1998 k y0rusy50 ca
|
| 101 |
0 |
|
|a rus
|
| 102 |
|
|
|a RU
|
| 200 |
1 |
|
|a Геохимический спектр Малиновского месторождения урана
|f П. И. Ляпунов
|g науч. рук. А. А. Поцелуев
|
| 461 |
|
1 |
|0 (RuTPU)RU\TPU\book\8224
|t Проблемы геологии и освоения недр
|o материалы докладов Второй Международной научной конференции студентов, аспирантов и молодых ученых им. академика М. А. Усова
|f Томский политехнический университет ; под ред. Б. Д. Васильева
|d 1998
|
| 463 |
|
1 |
|0 (RuTPU)RU\TPU\book\222116
|t Ч. 1
|v С. 175-176
|d 1998
|p 200 с.
|
| 610 |
1 |
|
|a труды учёных ТПУ
|
| 675 |
|
|
|a 55(063)
|v 3
|
| 700 |
|
1 |
|a Ляпунов
|b П. И.
|
| 702 |
|
1 |
|a Поцелуев
|b А. А.
|c геолог
|c профессор Томского политехнического университета, доктор геолого-минералогических наук
|f 1952-
|g Анатолий Алексеевич
|2 stltpush
|4 727
|
| 801 |
|
1 |
|a RU
|b 63413507
|c 20021028
|g PSBO
|
| 801 |
|
2 |
|a RU
|b 63413507
|c 20150720
|g PSBO
|
| 942 |
|
|
|c BK
|